| 000 | 01478nam a22003977a 4500 | ||
|---|---|---|---|
| 003 | CHAP | ||
| 005 | 20220329140738.0 | ||
| 008 | 971013s1980 r 10010 d | ||
| 010 | _a56939 | ||
| 011 | _a57911 | ||
| 035 | _a62066 | ||
| 040 | _cCHAP | ||
| 082 |
_a631.34 _bS95 |
||
| 111 | 0 | 0 |
_aSymposium on Computers in Greenhouse Climate Control. ( _d1979 _c: Wageningen) _9110986 |
| 245 | _aProceedings | ||
| 260 |
_aThe Hague : _bInternational Society for Horticultural Science, _c1980 |
||
| 300 | _a209 p. | ||
| 490 |
_aActa Horticulturae _v; 106 |
||
| 590 |
_aBATCH-UPD _b10 _c20130110 _lUCH01 _h0452 |
||
| 590 |
_aBATCH-UPD _b10 _c20130110 _lUCH01 _h2247 |
||
| 590 |
_aBATCH-UPD _b10 _c20130410 _lUCH01 _h1540 |
||
| 590 |
_aBATCH-UPD _b10 _c20130913 _lUCH01 _h1918 |
||
| 590 |
_aCONVERSION _b10 _c20130109 _lUCH01 _h1331 |
||
| 650 | 1 | 4 |
_aInvernaderos. _960172 |
| 650 | 1 | 4 |
_aProcesamiento automático de datos en climatologĂa. _991766 |
| 700 | 0 |
_aBot, G.P.A. _914445 |
|
| 700 | 0 |
_aMulder, W. P. V. _979416 |
|
| 830 | 0 |
_aActa Horticulturae _v; 106 _9739 |
|
| 852 | 2 | _yISSUE | |
| 901 | _aBK | ||
| 942 | _cLIBRO | ||
| 949 |
_a631.34 S95 _bBC _cLIBRO _d33724000059341 _eLIBRO _fc.4 _h59171 _i62066 _si _t837.00 |
||
| 949 |
_a631.34 S95 _bBC _cLIBRO _d33724000059358 _eLIBRO _fc.3 _h58972 _i62066 _si _t837.00 |
||
| 949 |
_a631.34 S95 _bBC _cLIBRO _d33724000059366 _eLIBRO _fc.2 _h56130 _i62066 _si _t837.00 |
||
| 949 |
_bBC _cPS _d-133069 _ePS _i62066 _si _t837.00 |
||
| 999 |
_c56939 _d56939 |
||